Single nucleotide polymorphisms (SNPs) and haplotype structuring in the latex biosynthesis genes of Hevea brasiliensis (Record no. 74634)

MARC details
000 -LEADER
fixed length control field 00491nam a2200145Ia 4500
100 ## - MAIN ENTRY--AUTHOR NAME
Personal name
-- Thomas
245 #0 - TITLE STATEMENT
Title Single nucleotide polymorphisms (SNPs) and haplotype structuring in the latex biosynthesis genes of Hevea brasiliensis
260 ## - PUBLICATION, DISTRIBUTION, ETC. (IMPRINT)
Name of publisher University of Kerala
Place of publication Thiruvananthapuram
Year of publication 2016
300 ## - PHYSICAL DESCRIPTION
Number of Pages 243
500 ## - GENERAL NOTE
General note Course: PhD
700 ## - ADDED ENTRY--PERSONAL NAME
Personal name Dr T Saha
850 ## - HOLDING INSTITUTION
Holding institution Rubber Research Institute of India, Kottayam
942 ## - ADDED ENTRY ELEMENTS (KOHA)
Koha item type Theses
Holdings
Withdrawn status Lost status Damaged status Not for loan Collection code Home library Current library Shelving location Date acquired Koha item type
      Theses Thesis RRII Library RRII Library Biotechnology 31/12/2021 Theses